000
00290nam a22001337a 4500
003
SGT
082
_a
616.0757
_b
P02T
100
_a
THOMAS, KAREN
245
_a
PEDIATRIC IMAGING CLINICAL CASES
260
_a
LONDON
_b
GMM
_c
2002
300
_a
162
650
_a
RADIOLOGY
942
_2
ddc
_c
BK
999
_c
14583
_d
14583